00546nam a22001817a 450000500170000001000150001702000250003203500140005703700130007108200060008410000170009024500630010726000420017027000840021230000210029649000260031770000210034320171212161351.0 aENG-121859 a9788123777221c65.00 aEN-105391 bDBAD/PUB aS aBasu, Moupia aKhoka / c by Moupia Basu ; Illustrated by Partha Sengupta aNew Delhi bNational Book Trustc2015 aNehru Bhawan, 5 Institutional Area, Phase-II, Vasant Kunj, bNew Delhi e110070 a156p.c22cm(pbk) aNehru Bal Pustakalaya aSengupta, Partha